Έργο και πρόγραμμα
Saved in:
| Corporate Author: | |
|---|---|
| Format: | Book |
| Language: | Greek |
| Published: |
[Αθήνα] :
Υπουργείο Πολιτισμού,
1986
|
| Subjects: | |
| Tags: |
Add Tag
No Tags, Be the first to tag this record!
|
MARC
| LEADER | 00000nam a2200000 i 4500 | ||
|---|---|---|---|
| 001 | 1/12494 | ||
| 008 | 001002s1986 gre d | ||
| 035 | |l 10064231 | ||
| 040 | |a GR-MY-UA |b gre |e aacr | ||
| 041 | 0 | |a gre | |
| 082 | 0 | |a 351.495 | |
| 110 | 2 | |a Υπουργείο Πολιτισμού. | |
| 245 | 1 | 0 | |a Έργο και πρόγραμμα / |c Υπουργείο Πολιτισμού |
| 260 | |a [Αθήνα] : |b Υπουργείο Πολιτισμού, |c 1986 | ||
| 300 | |a 68 σ.; |b εικ.; |c 24 cm | ||
| 610 | 1 | 0 | |a Ελλάς. |
| 852 | |a INST |b RHODES |e 20001002 |h 351.495 ΥΠΟ |p 005400010517 |q 005400010517 |t BK |y 0 | ||
| 852 | |a INST |b RHODES |e 20010115 |h 351.495 ΥΠΟ |p 005400010518 |q 005400010518 |t BK |y 0 | ||
| 909 | |a Ρ |b 009857 | ||
| 909 | |a Ρ |b 009858 | ||
| 922 | |a 4ΔΩΡ |b 199003 | ||
| 970 | |z 2000/09/ΔΕΜΕΝΑΓΑΣ ΠΕΤΡΟΣ | ||